| 000 | 00669 a2200217 4500 | ||
|---|---|---|---|
| 001 | 59948 | ||
| 005 | 20260407155852.0 | ||
| 008 | 260407a1988 arg spa d | ||
| 003 | AR-UNSa-BCEJYS | ||
| 040 |
_aAR-UNSa-BCEJYS _bspa _cAR-UNSa-BCEJYS |
||
| 080 |
_a321.7(094.5) _xLey de Defensa de la Democracia. Proyectos de ley |
||
| 245 | 1 | 0 | _aLey de protección del orden constitucional y la vida democrática |
| 264 | 1 |
_aBuenos Aires : _bVíctor P. de Zavalía _c1988 |
|
| 300 |
_a29 p. _c20 cm. |
||
| 041 | _aspa | ||
| 942 | _cBK | ||
| 590 | _aniveau_biblio:m niveau_hierar:0 | ||
| 100 | 1 | _aArgentina [Leyes, etc.] | |
| 650 | _aLEY 23.077 | ||
| 650 | _a ley 23 077 | ||
| 999 |
_c6844 _d6844 |
||